[Event "GER Cup Net V4 U2400"]
[Site "Playchess.com INT"]
[Date "2020.05.31"]
[Round "5"]
[White "Goessling, Guido"]
[Black "Huber, Philipp"]
[Result "0-1"]
[WhiteElo "1991"]
[BlackElo "2161"]
[PlyCount "41"]
[EventDate "2020.05.31"]
[EventType "swiss (blitz)"]
[EventRounds "9"]
[EventCountry "GER"]
[SourceTitle "EXT 2021"]
[Source "ChessBase"]
[SourceDate "2020.10.23"]
[SourceVersion "1"]
[SourceVersionDate "2020.10.23"]
[SourceQuality "1"]

1. d4 Nf6 2. Nc3 d5 3. Bf4 a6 4. e4 dxe4 5. f3 exf3 6. Nxf3 Bg4 7. Bc4 e6 8. h3 Bh5 9. g4 Bg6 10. Ne5 c6 11. Qf3 Qxd4 12. Rd1 Qc5 13. h4 Nbd7 14. Nxd7 Nxd7 15. Bb3 h5 16. g5 0-0-0 17. Rh2 Qf5 18. Rhd2 Bc5 19. Bc4 e5 20. Bxe5 Qxf3 21. Rxd7 0-1

[Event "GER Cup Net V2 U2400"]
[Site "Playchess.com INT"]
[Date "2020.05.22"]
[Round "8"]
[White "Eilenberg, Jonas"]
[Black "Goessling, Guido"]
[Result "1-0"]
[WhiteElo "2130"]
[BlackElo "2056"]
[PlyCount "159"]
[EventDate "2020.05.22"]
[EventType "swiss (blitz)"]
[EventRounds "9"]
[EventCountry "GER"]
[SourceTitle "EXT 2021"]
[Source "ChessBase"]
[SourceDate "2020.10.23"]
[SourceVersion "1"]
[SourceVersionDate "2020.10.23"]
[SourceQuality "1"]

1. d4 d5 2. c4 c6 3. cxd5 cxd5 4. Nf3 Nf6 5. Nc3 Nc6 6. Bf4 e6 7. e3 Be7 8. Bd3 0-0 9. 0-0 Bd7 10. h3 Qb6 11. a3 Rfc8 12. Na4 Qd8 13. Rc1 Na5 14. Nc5 b6 15. Nxd7 Nxd7 16. Ba6 Rxc1 17. Qxc1 Nb8 18. Bxb8 Rxb8 19. Ne5 Bd6 20. Nc6 Nxc6 21. Qxc6 Qe7 22. Rc1 g6 23. b4 Kg7 24. g3 h5 25. h4 Rd8 26. Kg2 g5 27. hxg5 Qxg5 28. Rh1 Kf6 29. Qc2 Rh8 30. Rh4 Be7 31. Qc7 Kg7 32. Kh2 Bf6 33. Bd3 Qh6 34. Rf4 h4 35. g4 Qg5 36. Qxa7 h3 37. Qxb6 Qh4 38. Qc7 Qg5 39. b5 Rf8 40. b6 Bd8 41. Qd6 Be7 42. Qe5+ Qxe5 43. dxe5 Rb8 44. Ra4 Rxb6 45. Kxh3 Rb3 46. Be2 Rxa3 47. Rxa3 Bxa3 48. Kg3 Bb2 49. Kf4 f6 50. exf6+ Kxf6 51. g5+ Kg7 52. Bd3 d4 53. e4 Ba3 54. Ke5 Bc1 55. f4 Be3 56. Be2 Bd2 57. Bc4 Be3 58. Bxe6 d3 59. Bb3 d2 60. Kf5 Bd4 61. Bd1 Bc3 62. e5 Bb4 63. Ke4 Be7 64. Kf5 Bc5 65. Ke6 Be3 66. Kf5 Bd4 67. Bc2 Be3 68. Ke4 Bc5 69. f5 Bb4 70. g6 Ba5 71. Kd5 Bc7 72. Ke6 Bd8 73. f6+ Kf8 74. Kd7 Bb6 75. g7+ Kf7 76. Bb3+ Kg6 77. g8Q+ Kf5 78. Qe6+ Kf4 79. f7 d1Q+ 80. Bxd1 1-0

[Event "GER Cup Net V2 U2400"]
[Site "Playchess.com INT"]
[Date "2020.05.22"]
[Round "1"]
[White "Goessling, Guido"]
[Black "Kuhn, Hubert"]
[Result "1-0"]
[WhiteElo "2009"]
[BlackElo "1786"]
[PlyCount "103"]
[EventDate "2020.05.22"]
[EventType "swiss (blitz)"]
[EventRounds "9"]
[EventCountry "GER"]
[SourceTitle "EXT 2021"]
[Source "ChessBase"]
[SourceDate "2020.10.23"]
[SourceVersion "1"]
[SourceVersionDate "2020.10.23"]
[SourceQuality "1"]

1. d4 d5 2. Nc3 Nf6 3. Bf4 c6 4. e3 Bf5 5. f3 Bg6 6. g4 h6 7. h4 Nbd7 8. Qd2 Qa5 9. h5 Bh7 10. Bd3 Bxd3 11. cxd3 e6 12. Nge2 Be7 13. 0-0-0 c5 14. Kb1 cxd4 15. Nxd4 e5 16. Nb3 Qb4 17. Bg3 a5 18. Ne2 0-0 19. Qxb4 Bxb4 20. a3 Bd6 21. d4 a4 22. dxe5 Bxe5 23. Bxe5 Nxe5 24. Nbd4 Rfc8 25. Rc1 Rc4 26. Rc3 Rac8 27. Rhc1 Kf8 28. Ng3 Rxc3 29. Rxc3 Rxc3 30. bxc3 Nc4 31. Nc2 g6 32. hxg6 fxg6 33. Ne2 h5 34. gxh5 gxh5 35. Kc1 h4 36. Kd1 h3 37. Ke1 Nh5 38. Kf2 Ke7 39. Ng3 h2 40. Nh1 Ne5 41. Kg2 Kd6 42. Nd4 Kc5 43. Kxh2 Kc4 44. f4 Ng4+ 45. Kh3 Nxe3 46. Kh4 Nxf4 47. Kg5 Nd3 48. Ng3 Kxc3 49. Nb5+ Kb3 50. Ne2 Nc5 51. Ned4+ Kc4 52. Kf4 1-0

[Event "GER Cup Net V2 U2400"]
[Site "Playchess.com INT"]
[Date "2020.05.22"]
[Round "9"]
[White "Goessling, Guido"]
[Black "Tiarks, Jann Christian"]
[Result "0-1"]
[WhiteElo "2043"]
[BlackElo "2037"]
[PlyCount "76"]
[EventDate "2020.05.22"]
[EventType "swiss (blitz)"]
[EventRounds "9"]
[EventCountry "GER"]
[SourceTitle "EXT 2021"]
[Source "ChessBase"]
[SourceDate "2020.10.23"]
[SourceVersion "1"]
[SourceVersionDate "2020.10.23"]
[SourceQuality "1"]

1. d4 d5 2. Nc3 c6 3. Bf4 Nf6 4. e3 Bf5 5. f3 h6 6. g4 Bh7 7. h4 e6 8. Qd2 Bd6 9. Bxd6 Qxd6 10. 0-0-0 Nbd7 11. g5 Ng8 12. Bd3 Bxd3 13. Qxd3 hxg5 14. Nge2 gxh4 15. Rdg1 g6 16. e4 0-0-0 17. e5 Qe7 18. f4 Nh6 19. Rh3 Nf5 20. Rgh1 Kb8 21. Nd1 c5 22. c3 cxd4 23. cxd4 Rc8+ 24. Kb1 Rc6 25. Ne3 Nxe3 26. Qxe3 Nb6 27. Qf2 Rhc8 28. Qxh4 Qb4 29. Rb3 Qd2 30. Qe1 Qc2+ 31. Ka1 Qe4 32. a3 Rc2 33. Rh2 Nc4 34. Ka2 Nd2 35. Qd1 Nxb3 36. Kxb3 a6 37. Nc3 R8xc3+ 38. bxc3 Rxh2 0-1

[Event "GER Cup Net V1 U2400"]
[Site "Playchess.com INT"]
[Date "2020.05.19"]
[Round "4"]
[White "Goessling, Guido"]
[Black "Cofman, Veaceslav"]
[Result "0-1"]
[WhiteElo "2011"]
[BlackElo "2144"]
[PlyCount "86"]
[EventDate "2020.05.19"]
[EventType "swiss (blitz)"]
[EventRounds "9"]
[EventCountry "GER"]
[SourceTitle "EXT 2021"]
[Source "ChessBase"]
[SourceDate "2020.10.23"]
[SourceVersion "1"]
[SourceVersionDate "2020.10.23"]
[SourceQuality "1"]

1. d4 Nf6 2. Nc3 d5 3. Bf4 c6 4. Nf3 g6 5. e3 Bg7 6. h4 Bf5 7. Ne5 Nbd7 8. f3 Nxe5 9. Bxe5 h5 10. Bd3 Qd7 11. Qd2 0-0 12. 0-0-0 Bxd3 13. cxd3 Ne8 14. Bxg7 Nxg7 15. Rdg1 Rfe8 16. g4 e5 17. dxe5 Rxe5 18. d4 Re7 19. e4 Rae8 20. e5 c5 21. f4 hxg4 22. dxc5 Rd8 23. Rd1 Qc6 24. Nxd5 Kh8 25. Nxe7 Qxc5+ 26. Qc2 Qxe7 27. Rxd8+ Qxd8 28. Qe4 Nh5 29. Kb1 Ng3 30. Qxb7 Qd3+ 31. Ka1 Nxh1 32. Qxh1 Qf3 33. Qc1 g3 34. f5 Qxf5 35. e6 fxe6 36. Qc8+ Kg7 37. Qc7+ Qf7 38. Qc3+ Kh7 39. a3 g2 40. Qg3 Qf1+ 41. Ka2 g1Q 42. Qc7+ Kh6 43. Qf4+ Qxf4 0-1

[Event "GER-ch Net Amateur Gr-A Final"]
[Site "Playchess.com INT"]
[Date "2020.04.18"]
[Round "7"]
[White "Fromm, Marius"]
[Black "Goessling, Guido"]
[Result "1-0"]
[WhiteElo "2041"]
[BlackElo "2015"]
[PlyCount "45"]
[EventDate "2020.04.18"]
[EventType "swiss (blitz)"]
[EventRounds "13"]
[EventCountry "GER"]
[SourceTitle "CBM 195 Extra"]
[Source "ChessBase"]
[SourceDate "2020.05.31"]
[SourceVersion "1"]
[SourceVersionDate "2020.05.31"]
[SourceQuality "1"]

1. Nf3 d5 2. c4 c6 3. g3 Nf6 4. Bg2 dxc4 5. 0-0 Nbd7 6. Na3 Nb6 7. Qc2 Be6 8. Ng5 Bg4 9. Nxc4 Bxe2 10. Ne5 Bxf1 11. Ngxf7 Qc7 12. Bxf1 Rg8 13. d4 e6 14. Ng5 Bd6 15. Nxe6 Qe7 16. Bh3 Nbd5 17. Bg5 Nc7 18. Nxc7+ Bxc7 19. Re1 Rd8 20. Nf3 Qxe1+ 21. Nxe1 Rxd4 22. Bxf6 gxf6 23. Qxh7 1-0

[Event "GER-ch Net Amateur Gr-A Final"]
[Site "Playchess.com INT"]
[Date "2020.04.18"]
[Round "5"]
[White "Moeller, Hendrik"]
[Black "Goessling, Guido"]
[Result "1/2-1/2"]
[WhiteElo "2155"]
[BlackElo "2015"]
[PlyCount "73"]
[EventDate "2020.04.18"]
[EventType "swiss (blitz)"]
[EventRounds "13"]
[EventCountry "GER"]
[SourceTitle "CBM 195 Extra"]
[Source "ChessBase"]
[SourceDate "2020.05.31"]
[SourceVersion "1"]
[SourceVersionDate "2020.05.31"]
[SourceQuality "1"]

1. c4 c6 2. Nf3 d5 3. g3 Nf6 4. Bg2 dxc4 5. 0-0 Nbd7 6. a4 a5 7. Na3 Nb6 8. Qc2 Be6 9. Ng5 Bg4 10. Re1 Qd4 11. Nf3 Bxf3 12. Bxf3 e6 13. e3 Qd3 14. Qxd3 cxd3 15. b3 0-0-0 16. Bb2 Bb4 17. Red1 h5 18. Nc4 Nxc4 19. bxc4 h4 20. Ba3 hxg3 21. hxg3 Bxa3 22. Rxa3 e5 23. Bg2 e4 24. f3 Rhe8 25. Rb1 exf3 26. Bxf3 Ne4 27. Bxe4 Rxe4 28. Rc3 Kc7 29. Rbb3 Rg4 30. Kf2 Rd6 31. Kf3 f5 32. Rb1 Rdg6 33. Rg1 Rd6 34. Rh1 Rdg6 35. Rg1 Rd6 36. Rh1 Rdg6 37. Rg1 1/2-1/2

[Event "GER-ch Net Amateur Gr-A Final"]
[Site "Playchess.com INT"]
[Date "2020.04.18"]
[Round "1"]
[White "Trifan, Andrei Ioan"]
[Black "Goessling, Guido"]
[Result "1-0"]
[WhiteElo "2149"]
[BlackElo "2015"]
[PlyCount "75"]
[EventDate "2020.04.18"]
[EventType "swiss (blitz)"]
[EventRounds "13"]
[EventCountry "GER"]
[SourceTitle "CBM 195 Extra"]
[Source "ChessBase"]
[SourceDate "2020.05.31"]
[SourceVersion "1"]
[SourceVersionDate "2020.05.31"]
[SourceQuality "1"]

1. e4 e5 2. Nf3 Nc6 3. Bb5 Bc5 4. c3 f5 5. Bxc6 dxc6 6. Nxe5 Bd6 7. Qh5+ g6 8. Nxg6 Nf6 9. Qh4 Rg8 10. e5 Rxg6 11. exf6 Qxf6 12. Qxf6 Rxf6 13. d4 c5 14. Be3 cxd4 15. Bxd4 Rg6 16. g3 c5 17. Be3 f4 18. gxf4 Bf5 19. Nd2 0-0-0 20. 0-0-0 b5 21. Nb3 c4 22. Nd4 Bd3 23. Nxb5 Bb8 24. b4 a6 25. Nd4 Rdg8 26. f5 Rg2 27. h4 Bc7 28. Rh3 a5 29. Nc6 Rf8 30. Bc5 Bf4+ 31. Kb2 Rf7 32. b5 a4 33. Rhxd3 cxd3 34. Rxd3 Kb7 35. Nd8+ Kc7 36. Nxf7 h5 37. Rf3 Bd2 38. f6 1-0

[Event "GER-ch Net Amateur Gr-A Vor2"]
[Site "Playchess.com INT"]
[Date "2020.04.15"]
[Round "8"]
[White "Bausch, Thomas"]
[Black "Goessling, Guido"]
[Result "1-0"]
[WhiteElo "2013"]
[BlackElo "1942"]
[PlyCount "97"]
[EventDate "2020.04.15"]
[EventType "swiss (blitz)"]
[EventRounds "9"]
[EventCountry "GER"]
[SourceTitle "CBM 196 Extra"]
[Source "ChessBase"]
[SourceDate "2020.07.31"]
[SourceVersion "1"]
[SourceVersionDate "2020.07.31"]
[SourceQuality "1"]

1. c4 c6 2. d4 d5 3. Nc3 Nf6 4. cxd5 cxd5 5. Bf4 Nc6 6. e3 Bg4 7. Qb3 Na5 8. Qa4+ Bd7 9. Qc2 Rc8 10. Bd3 e6 11. Nf3 Be7 12. h3 0-0 13. 0-0 b5 14. Qd2 Nc4 15. Bxc4 bxc4 16. Ne5 Bb4 17. a3 Ne4 18. Qc2 Bxc3 19. bxc3 f6 20. Nxd7 Qxd7 21. Rfb1 Rfe8 22. f3 e5 23. Bxe5 fxe5 24. fxe4 exd4 25. exd4 Rxe4 26. Re1 Rce8 27. Rxe4 Rxe4 28. Rf1 Qe7 29. Qf2 Re2 30. Qf5 h6 31. Qxd5+ Kh7 32. Qf5+ Kg8 33. d5 Re5 34. Qc8+ Kh7 35. Qxc4 Qd6 36. Qd3+ Kg8 37. c4 Qc5+ 38. Kh1 Qd6 39. Qd4 Qe7 40. c5 Re4 41. Qf2 Qe5 42. Qf7+ Kh7 43. Qf5+ Qxf5 44. Rxf5 Re1+ 45. Kh2 Kg6 46. Rf3 Rd1 47. d6 Rd5 48. Rc3 Kf6 49. c6 1-0

[Event "GER-ch Net Amateur Gr-A Vor1"]
[Site "Playchess.com INT"]
[Date "2020.04.14"]
[Round "4"]
[White "Goessling, Guido"]
[Black "Lehmann, Ruben"]
[Result "0-1"]
[WhiteElo "1935"]
[BlackElo "1506"]
[PlyCount "66"]
[EventDate "2020.04.14"]
[EventType "swiss (blitz)"]
[EventRounds "9"]
[EventCountry "GER"]
[SourceTitle "EXT 2021"]
[Source "ChessBase"]
[SourceDate "2020.10.23"]
[SourceVersion "1"]
[SourceVersionDate "2020.10.23"]
[SourceQuality "1"]

1. e4 c6 2. d4 d5 3. e5 Bf5 4. Nf3 e6 5. Be3 Ne7 6. Be2 Nd7 7. 0-0 Bg6 8. Nbd2 Nf5 9. c3 c5 10. Qa4 a6 11. Rac1 b5 12. Qd1 Be7 13. g4 Nxe3 14. fxe3 Bg5 15. Kf2 0-0 16. Nxg5 Qxg5 17. Nf3 Qxg4 18. Rg1 Qf5 19. Rg5 Qe4 20. Qg1 f6 21. Rg4 Qf5 22. Rf4 Qg5 23. Rg4 Qh5 24. Rh4 fxe5 25. Rxh5 Bxh5 26. Kg3 Rf6 27. Kh4 Bxf3 28. Bxf3 Rxf3 29. dxe5 Raf8 30. Qg4 R8f5 31. Rg1 g6 32. h3 Nxe5 33. Qg2 Rh5# 0-1

[Event "NRW Class2 1819"]
[Site "Germany"]
[Date "2019.05.12"]
[Round "9.4"]
[White "Goessling, Guido"]
[Black "Runtemund, Rene"]
[Result "1/2-1/2"]
[WhiteElo "2228"]
[BlackElo "2107"]
[PlyCount "70"]
[EventDate "2018.09.16"]
[EventType "team-tourn"]
[EventRounds "9"]
[EventCountry "GER"]
[SourceTitle "EXT 2023"]
[Source "ChessBase"]
[SourceDate "2022.10.05"]
[SourceVersion "1"]
[SourceVersionDate "2022.10.05"]
[SourceQuality "1"]
[WhiteTeam "Bielefeld"]
[BlackTeam "Iserlohn Koenigsspringer"]
[WhiteTeamCountry "GER"]
[BlackTeamCountry "GER"]

1. e4 d5 2. exd5 Nf6 3. Bb5+ Bd7 4. Be2 Bf5 5. d4 Nxd5 6. Nf3 e6 7. 0-0 Be7 8. c4 Nf6 9. Nc3 0-0 10. Qb3 Qc8 11. Bf4 a6 12. Ne5 Nbd7 13. Bf3 Rb8 14. Rfe1 Nxe5 15. Bxe5 Nd7 16. Bf4 Bd6 17. Be3 c5 18. Ne4 Bxe4 19. Bxe4 Qc7 20. h3 cxd4 21. Bxd4 Nc5 22. Qf3 Nxe4 23. Rxe4 e5 24. Bc3 Rbd8 25. Rae1 f6 26. b4 Rf7 27. Rh4 Bf8 28. Qe4 g6 29. a3 Qd7 30. f4 f5 31. Qxe5 Bg7 32. Qe3 Bxc3 33. Qxc3 Qd4+ 34. Re3 Qxc3 35. Rxc3 Rd2 1/2-1/2

[Event "NRW Class2 1819"]
[Site "Germany"]
[Date "2019.01.13"]
[Round "5.4"]
[White "Teloeken, Daniel"]
[Black "Goessling, Guido"]
[Result "0-1"]
[WhiteElo "1905"]
[BlackElo "2135"]
[PlyCount "92"]
[EventDate "2018.09.16"]
[EventType "team-tourn"]
[EventRounds "9"]
[EventCountry "GER"]
[SourceTitle "EXT 2022"]
[Source "ChessBase"]
[SourceDate "2021.10.06"]
[SourceVersion "1"]
[SourceVersionDate "2021.10.06"]
[SourceQuality "1"]
[WhiteTeam "Suedlohn"]
[BlackTeam "Bielefeld"]
[WhiteTeamCountry "GER"]
[BlackTeamCountry "GER"]

1. c4 c6 2. g3 d5 3. Nf3 Nf6 4. Bg2 dxc4 5. 0-0 b5 6. a4 Bb7 7. b3 cxb3 8. Qxb3 a6 9. Ba3 e6 10. Bxf8 Kxf8 11. Nc3 Nbd7 12. d4 Qb6 13. Rfd1 Ke7 14. e4 Rhd8 15. e5 Nd5 16. Nxd5+ cxd5 17. a5 Qa7 18. Qb4+ Ke8 19. Nd2 Rac8 20. f4 Rc7 21. Rac1 Rdc8 22. Rxc7 Rxc7 23. Nb3 Rc4 24. Qd2 Bc8 25. Bf1 Rc6 26. Bd3 h6 27. Kg2 Qc7 28. g4 Rc3 29. Nc5 Ra3 30. Rc1 Qxa5 31. Qxa5 Rxa5 32. Nb3 Ra2+ 33. Kf3 Kd8 34. f5 Rxh2 35. Na5 Rh3+ 36. Ke2 Nb6 37. Nc6+ Ke8 38. Nb8 Rh4 39. Kf3 Rh3+ 40. Ke2 Nc4 41. Bb1 Rg3 42. fxe6 Bxe6 43. Nxa6 Rxg4 44. Nc7+ Kd7 45. Nxb5 Kc6 46. Nd6 Rxd4 0-1

[Event "NRW Class1 1718"]
[Site "Germany"]
[Date "2017.12.17"]
[Round "4.4"]
[White "Mueller, Achim1111"]
[Black "Goessling, Guido"]
[Result "1-0"]
[WhiteElo "2002"]
[BlackElo "2127"]
[PlyCount "71"]
[EventDate "2017.09.17"]
[EventType "team-tourn"]
[EventRounds "9"]
[EventCountry "GER"]
[SourceTitle "EXT 2019"]
[Source "ChessBase"]
[SourceDate "2018.10.10"]
[SourceVersion "1"]
[SourceVersionDate "2018.10.10"]
[SourceQuality "1"]
[WhiteTeam "Emsdetten Rochade"]
[BlackTeam "Bielefeld"]
[WhiteTeamCountry "GER"]
[BlackTeamCountry "GER"]

1. e4 e5 2. Bc4 Nf6 3. d3 Nc6 4. Nf3 Bc5 5. c3 d6 6. h3 a6 7. Bb3 Ba7 8. Nbd2 0-0 9. Nf1 Nh5 10. Bg5 Qe8 11. Qd2 Kh8 12. g4 Nf4 13. Bxf4 exf4 14. 0-0-0 Na5 15. Bc2 Be6 16. b3 d5 17. Qxf4 dxe4 18. Qxe4 f5 19. Qe5 Nc6 20. Qg3 f4 21. Qh4 Bd5 22. d4 h6 23. N1d2 Bxf3 24. Nxf3 Qe2 25. Rd3 Rae8 26. g5 Qe7 27. gxh6 Qxh4 28. hxg7+ Kxg7 29. Nxh4 Re2 30. Rf3 Ne7 31. Rg1+ Kh6 32. Rg4 Nd5 33. Nf5+ Kh5 34. Ng7+ Kh6 35. h4 Ne7 36. Kd1 1-0